LEADER 02348nam0 22004573i 450 001 SBL0295863 005 20251003044351.0 010 $a8870480488 020 $aIT$b831183 100 $a19910930d1982 ||||0itac50 ba 101 | $aita 102 $ait 181 1$6z01$ai $bxxxe 182 1$6z01$an 183 1$6z01$anc$2RDAcarrier 200 1 $aSocialisti nel Mezzogiorno$eVito Mario Stampacchia e le lotte politico-sociali in Puglia nell'eta giolittiana$eantologia documentaria; con introduzione e a cura di C. G. Donno 210 $aLecce$cMilella$d1982 215 $a338 p.$c1 ritr.$d21 cm 225 | $aBiblioteca di storia della società contemporanea$i. Ricerche e documenti$v9 300 $aIn testa al front.: Archivio per la storia del movimento operaio e contadino nel Mezzogiorno, Istituto V. M. Stampacchia. 410 0$1001RAV0048214$12001 $aBiblioteca di storia della società contemporanea$i. Ricerche e documenti$v9 606 $aSocialismo$xSalento$x1890-1915$xFonti$2FIR$3SBLC056697$9I 606 $aStampacchia, Vito Mario$xArchivio$2FIR$3SBLC056698$9I 676 $a320.531$9SOCIALISMO$v23 676 $a335.0094575$9SOCIALISMO E SISTEMI AFFINI. PUGLIA$v20 676 $a335.0094575$9SOCIALISMO E SISTEMI AFFINI. Puglia$v21 676 $a335.0094575$9SOCIALISMO E SISTEMI AFFINI. Puglia$v23 686 $aIT/042.5/SOC$cPARTITI E MOVIMENTI POLITICI SOCIALISTI ITALIA 1900-1918$2R 686 $aPUG/05.2$cPOLITICA E CULTURA PUGLIA 1900-1918$2R 686 $aX0.1$cBIOGRAFIE GENERALI$2R 702 1$aDonno$b, Carmelo Giovanni$3SBLV155980$4080 712 02$aIstituto V. M. Stampacchia$3RAVV052343 801 3$aIT$bIT-000000$c19910930 850 $aIT-BN0095 $aIT-NA0097 901 $bNAP SP$cSCIROCCO $nFondo Scirocco 901 $bNAP 01$cPOZZO LIB.$nVi sono collocati fondi di economia, periodici di ingegneria e scienze, periodici di economia e statistica e altri fondi comprendenti documenti di economia pervenuti in dono. 912 $aSBL0295863 950 0$aBiblioteca Centralizzata di Ateneo$c1 v.$d 01POZZO LIB.F. ASSANTE 161$e 0101 0060014055E VMA 1 v. (Precedente collocazione A 274)$fB $h20220914$i20220914 977 $a 01$a SP 996 $aSOCIALISTI nel Mezzogiorno$9655045 997 $aUNISANNIO